Statistics for black butler quotes

Click here to take the quiz!

General Stats

  • This quiz has been taken 164 times
  • The average score is 5 of 6

Answer Stats

HintAnswer% Correct
one hell of a butlersebastian
100%
is there truly any human who is not arrogantciel
95%
BASSY!!!!!!grell
94%
show me a first rate laughundertaker
88%
yes your highnessclaude
84%
olealois
83%

Score Distribution

Percentile by Number Answered

Percent of People with Each Score

Your Score History

You have not taken this quiz